All Star Trek Movies and Series - Statistics

General Stats
  • This quiz has been taken 120 times
  • The average score is 21 of 26
Answer Stats
Group Year Project % Correct
Movie 2009 Star Trek
99%
Series 1973-1974 Star Trek: The Animated Series
99%
Movie 1979 Star Trek: The Motion Picture
99%
Series 1966-1969 Star Trek: The Original Series
99%
Movie 1982 Star Trek II: The Wrath of Khan
95%
Series 1987-1994 Star Trek: The Next Generation
94%
Movie 1994 Star Trek: Generations
93%
Series 1995-2001 Star Trek: Voyager
91%
Series 1993-1999 Star Trek: Deep Space Nine
89%
Movie 1984 Star Trek III: The Search For Spock
89%
Series 2001-2005 Star Trek: Enterprise
87%
Series 2020-2023 Star Trek: Picard
85%
Movie 1986 Star Trek IV: The Voyage Home
84%
Movie 1989 Star Trek V: The Final Frontier
83%
Movie 2013 Star Trek Into Darkness
81%
Series 2017-Present Star Trek: Discovery
79%
Movie 2002 Star Trek: Nemesis
79%
Movie 1991 Star Trek VI: The Undiscovered Country
78%
Movie 2016 Star Trek Beyond
77%
Series 2020-Present Star Trek: Lower Decks
75%
Movie 1996 Star Trek: First Contact
71%
Movie 1998 Star Trek: Insurrection
71%
Series 2022-Present Star Trek: Strange New Worlds
69%
Series 2021-Present Star Trek: Prodigy
52%
Series 2018-2019 Star Trek: Short Treks
48%
Series 2023-Present Star Trek: Very Short Treks
48%
No matching quizzes found
Score Distribution
Percent of People with Each Score
Percentile by Number Answered
Your Score History
You have not taken this quiz